000
00358nam a22001337a 4500
082
_a
297.124
100
_a
Ghazi, Mehmood Amed
245
_a
Muhazirat E Hadith /
_c
Mehmood Ahmed Ghazi,
260
_a
Lahore :
_b
Al-Faisal,
_c
2016.
300
_a
408 p. ;
_c
24 cm.
942
_2
ddc
_c
BK
999
_c
587209
_d
587209